| 000 | 00000nam##2200000za#4500 |
| 001 | 9.536847 |
| 003 | CaOODSP |
| 005 | 20210615084458 |
| 007 | ta |
| 008 | 150406|2002||||xxc||||| f|0| 0 fre|d |
| 020 | |a0-660-62120-7 |
| 040 | |aCaOODSP|bfre |
| 041 | |aeng |
| 041 | |afre |
| 043 | |an-cn--- |
| 086 | 1 |aBT31-4/88-2002 |
| 110 | 1 |aCanada. |bConseil du trésor. |
| 245 | 10|aCommission d'examen des plaintes concernant la police militaire |
| 260 | |aOttawa - Ontario : |bSecrétariat du Conseil du Trésor du Canada |c2002. |
| 300 | |a14p. : |bfigure, graphiques, organigrammes, tableaux ; |c28 cm. |
| 490 | 1 |aRapport sur le rendement pour la période se terminant le 31 mars 2002 |
| 563 | |aCouverture souple |
| 590 | |a02-46|b2002-11-15 |
| 691 | 07|aInstitution fédérale|2gcpds |
| 691 | 07|aPlainte|2gcpds |
| 691 | 07|aPolice militaire|2gcpds |
| 691 | 07|aPrévisions budgétaires|2gcpds |
| 776 | 0#|tMilitary Police Complaints Commission, performance report for the period ending March 31, 2002 |w(CaOODSP)9.573042 |
| 776 | 0#|tCommission d'examen des plaintes concernant la police militaire, rapport sur le rendement pour la période se terminant le 31 mars 2002 |w(CaOODSP)9.603282 |
| 791 | |tMilitary Police Complaints Commission |eeng|w(CaOODSP)9.536846 |
| 830 | #0|aRapport sur le rendement pour la période se terminant le 31 mars 2002.|w(CaOODSP)9.510739 |